Elements That Share a Symbol With a U.S. State - Statistics

General Stats
  • This quiz has been taken 16 times
  • The average score is 22 of 30
Answer Stats
Element Symbol State % Correct
AL Aluminium
100%
CO Cobalt
92%
Aluminium AL Alabama
85%
AR Argon
85%
Argon AR Arkansas
85%
Calcium CA California
85%
Cobalt CO Colorado
85%
Flerovium FL Florida
85%
Gallium GA Georgia
85%
Indium IN Indiana
85%
IN Indium
85%
Manganese MN Minnesota
85%
Meitnerium MT Montana
85%
Protactinium PA Pennsylvania
85%
CA Calcium
77%
Lanthanum LA Louisiana
77%
Mendelevium MD Maryland
77%
Molybdenum MO Missouri
77%
Neon NE Nebraska
77%
NE Neon
77%
Scandium SC South Carolina
77%
GA Gallium
69%
MN Manganese
69%
SC Scandium
69%
MO Molybdenum
54%
LA Lanthanum
46%
MD Mendelevium
46%
FL Flerovium
38%
MT Meitnerium
38%
PA Protactinium
31%
No matching quizzes found
Score Distribution
Percent of People with Each Score
Percentile by Number Answered
Your Score History
You have not taken this quiz